000 00482nam a2200169 i 4500
001 41533
003 ES-MaACL
005 20230906160440.0
007 t|
008 030311s1841 be ||||1| fre d
100 1 _aCappelle, Marie.
_934892
245 1 0 _aMemoires de Marie Cappelle /
_cécrits par elle-même, Veure Lafarge.
260 _aBruxelles :
_bMeline Caus et Cie,
_c1841.
300 _a4 v. ;
_c16 cm.
700 1 _aLafarge, Veure.
_969466
852 _aES-MaACL
_jG-8607-10
999 _c41533
_d41533